000 01058nam a22002777a 4500
999 _c19630
_d19630
003 AR-CdUCM
008 190518b ||||| |||| 00| 0 spa d
040 _aMUNICIPALIDAD PROVINCIAL DEL CUSCO
_cBIBLIOTECA MUNICIPAL DEL CUSCO
082 _a309.185 /
_bB77
100 _aBourricaud, François
_924135
245 _aCambios en Puno :
_bestudios de sociología andina /
260 _aMedico :
_bEspeciales,
_c1967.
300 _a257 páginas ;
_c22 cm.
440 _aDepartamento de antropología ;
_941079
505 _aContenido: Presentación de la ciudad de Puno en 1953 -- El conflicto de intereses: la estructura agraria -- Dinámica cultural: homogeneización y diferenciación...
650 _aIndígenas del Perú
_95715
650 _aTenencia de la tierra
_98228
650 _aEtnicidad
_91315
650 _aCultura andina
_95789
650 _aCondiciones sociales
_91132
650 _aIndígenas del Perú
_95715
650 _aPuno
_93897
700 _aÁvalos De Matos, Rosalía
_941080
942 _2ddc
_cLIBROS
945 _aacv
_d2019-05-18